000 00346nam a2200133Ia 4500
005 20251222155124.0
008 251222s9999||||xx |||||||||||||| ||spa||
082 _aETI. 11/V.II
100 _aREDRADO J (*).
245 0 _aHumanización en Salud (2 Vol.)
250 _a1ra. ed.
264 _bCentro Camiliano
942 _cLIB
999 _c38553
_d38553